000 02061nam a2200265 a 4500
001 000019296
005 20250722140556.0
008 100601s2012 dr 001 0 spa d
020 _a9789945164671
040 _aDO-SdBNP
_bspa
_cBNPHU
082 _a344.7293046
_bF363d
100 1 _aFernández Estrella, Aracelis Altagracia
_941493
245 1 0 _aEl derecho administrativo sancionador para la protección del medio ambiente :
_bAnálisis de los ordenamientos jurídicos español y dominicano /
_cAracelis Altagracia Fernández Estrella.
260 _aSanto Domingo :
_bFundación Pellerano & Herrera,
_c2012.
300 _a549 p. ;
_c23 cm.
500 _aIncluye referencias bibliográficas y notas al pie de las páginas.
504 _aBibliografía: p. 529-549
505 0 _gIntroducción --
_tDerecho Español:
_tMarco jurídico de la protección del medio ambiente. El derecho administrativo sancionador como instrumento de protección ambiental --
_tLa responsabilidad administrativa por infracción ambiental. Los principios rectores del derecho administrativo sancionador y su aplicación en el ámbito del ordenamiento jurídico que protege el medio ambiente. El derecho administrativo sancionador como instrumento de protección ambiental --
_tEl procedimiento sancionador: las garantías procesales aplicables a la actividad sancionadora administrativa --
_tEl derecho penal del medio ambiente como cierre del sistema jurídico administrativo de protección ambiental --
_tDerecho Dominicano:
_tMarco jurídico de la protección del medio ambiente en el derecho dominicano. Especial referencia al derecho administrativo sancionador como técnica de protección ambiental --
_tEl derecho administrativo sancionador en materia de medio ambiente en la República Dominicana --
_gBibliografía.
590 _aInventariado, 2018/LP
650 0 _aDerecho administrativo
_941494
650 4 _aProtección del medio ambiente
_94185
650 4 _aDerecho ambiental
_938252
650 0 _aPolítica ambiental
_97280
910 _aValidado. Control de calidad EMS
999 _c18814
_d18814